000 00527nam a2200205Ia 4500
005 20240419085240.0
008 131103s9999 xx 000 0 und d
020 _a8122402607
040 _aLoreto College
041 _aEnglish
082 _a370.15
_bRAO
100 _aRao,S.Narayan
245 _aEducational psychology
_cS. Narayan Rao
260 _aNew Delhi
_bWiley
_c1990
300 _axiv,471 p.
_b ill.,fig.
504 _aIncludes bibliography and index
650 _aPsychology
850 _aLCBED
942 _cBK
999 _c26946
_d77425